| 000 | 00615nam a2200229 a 4500 | ||
|---|---|---|---|
| 001 | 41915 | ||
| 003 | BD-RjUL | ||
| 005 | 20211209053453.0 | ||
| 008 | 161120s1965 nyua 001 0 eng | ||
| 035 | _a(BD-RjUL)42033 | ||
| 040 |
_aDLC/ICU _cICU _dBD-RjUL _beng |
||
| 041 | _aeng | ||
| 082 | 0 | 0 |
_a596 _223 _bWEA 1965 |
| 100 | 1 |
_aWeichert, Charles K. _9128806 |
|
| 245 | 1 | 0 |
_aAnatomy of the chordates / _cCharles K. Weichert. |
| 250 | _a3d ed. | ||
| 260 |
_aNew York : _bMcGraw-Hill, _cc1965. |
||
| 300 |
_a758 p. : _bill. ; _c24 cm. |
||
| 500 | _aIncludes Index. | ||
| 650 | 0 |
_aChordata _9128808 |
|
| 942 |
_2ddc _cBK |
||
| 999 |
_c41915 _d41915 |
||